000 02881nam a22004457a 4500
005 20090120105610.0
008 090120t xxu||||| |||| 00| 0 eng d
010 _aB-345482-488
020 _a0439902509
_c110.00
020 _a9780439902502
_c110.00
035 _aB-345482-488
037 _bTarun Books
040 _aDPL
_bEnglish
082 _aS
100 _aAbbott, Tony
245 _aPirates of the purple dawn /
_cby Tony Abbott; illustrated by Royce Fitzgerald
260 _aNew York
_bScholastic
_c2008(repr.).
270 _a557 Broadway
_bNew York
_eNY 10012
300 _a124p.:
_bill.
_c20cm(pbk)
490 _aSecrets of Droon
_v29
520 _aEverything in Droon is changing. Lord Sparr has disappeared. Ko and Gethwing have fled to the Dark Lands. And an old villain is back -- Ving, leader of the Hawk Bandits! This time, he has his twin sister in tow, along with her band of wicked pirates. Arrr
650 _aDroon (Imaginary place)
_vJuvenile fiction.
650 _aWizards
_vJuvenile fiction.
650 _aMagic
_vFiction.
650 _aDroon (Imaginary place)
_vFiction.
650 _aWizards
_vFiction.
655 _aChildren's stories.
_2lcsh
655 _aFantasy fiction.
_2gsafd
700 _aFitzgerald, Royce
942 _2ddc
_cCH
_hS
_mABB
999 _c21540
_d21540